[Event "Rapid Champs"]
[Site "Wellington Chess Club"]
[Date "2023.05.11"]
[Round "10"]
[White "Dive, Russell"]
[Black "Ker, Anthony"]
[Result "0-1"]
[WhiteElo "2367"]
[BlackElo "2359"]
[Annotator ""]
[PlyCount "92"]

1. Nf3 c5 2. c3 Nf6 3. d4 e6 4. Nbd2 d5 5. e3 Nc6 6. Bd3 Be7 7. O-O O-O 8. Ne5
Nxe5 9. dxe5 Nd7 10. f4 f5 11. c4 Nb6 12. a4 Bd7 13. a5 dxc4 14. Nxc4 Nd5 15.
Bd2 Bc6 16. Qe2 b5 17. axb6 axb6 18. e4 fxe4 19. Qxe4 g6 20. Rxa8 Bxa8 21. Qe2
b5 22. Nd6 c4 23. Bxg6 hxg6 24. Qg4 Kg7 25. f5 exf5 26. Nxf5+ Rxf5 27. Rxf5
Bc5+ 28. Kh1 Qd7 29. Rg5 Qxg4 30. Rxg4 Be3 31. Bxe3 Nxe3 32. Rg3 Nxg2 33. Ra3
Bd5 34. Ra7+ Kf8 35. Kg1 Nf4 36. Rd7 Bf7 37. Rb7 Be8 38. Kf2 Nd3+ 39. Ke3 Nxb2
40. Kd4 Na4 41. e6 c3 42. Rc7 b4 43. Ke5 Nb6 44. Kd6 Ba4 45. Rb7 c2 46. Rb8+
Kg7 0-1

[Event "Rapid Champs"]
[Site "Wellington Chess Club"]
[Date "2023.05.11"]
[Round "10"]
[White "Chang,Luke"]
[Black "van der Hoorn, Thomas"]
[Result "0-1"]
[WhiteElo "1200"]
[BlackElo "1888"]
[Annotator ""]
[PlyCount "118"]

1. e4 c5 2. Nf3 Nc6 3. d4 cxd4 4. Nxd4 e5 5. Nb5 d6 6. N1c3 a6 7. Na3 Be7 8.
Nc4 b5 9. Ne3 Nf6 10. f3 Be6 11. Ncd5 Bxd5 12. Nxd5 Nxd5 13. Qxd5 Rc8 14. c3
O-O 15. Be2 Bg5 16. O-O Bxc1 17. Raxc1 Qb6+ 18. Kh1 Ne7 19. Qb3 Rfd8 20. a4 Rc5
21. Rfd1 Ng6 22. axb5 axb5 23. Ra1 Nf4 24. Bf1 g6 25. c4 b4 26. Ra4 Rb8 27.
Rda1 Rc6 28. Ra5 Ne6 29. Rb5 Qc7 30. Qxb4 Rxb5 31. Qxb5 Rb6 32. Qe8+ Kg7 33.
Rb1 Qb7 34. h3 Rxb2 35. Rxb2 Qxb2 36. Qb5 Qf2 37. Qb1 Nf4 38. Qd1 Nh5 39. Bd3
Nf4 40. Qf1 Qd4 41. Be2 Qd2 42. Bd1 Nxg2 43. Qxg2 Qxd1+ 44. Kh2 Qc1 45. Qe2 h5
46. Qd3 Qf4+ 47. Kg2 h4 48. Qxd6 Qg3+ 49. Kf1 Qxf3+ 50. Kg1 Qg3+ 51. Kf1 Qxh3+
52. Kg1 Qe3+ 53. Kh2 Qg3+ 54. Kh1 h3 55. Qd2 Qg2+ 56. Qxg2 hxg2+ 57. Kxg2 f5
58. Kf3 Kf7 59. exf5 gxf5 0-1

[Event "Autumn Cup RR1"]
[Site "Wellington Chess Club"]
[Date "2023.05.18"]
[Round "1"]
[White "Dive, Russell"]
[Black "Croad, Nicholas"]
[Result "1-0"]
[WhiteElo "2345"]
[BlackElo "2421"]
[PlyCount "113"]
[SourceDate "2023.05.18"]

1. Nf3 d5 2. g3 Bg4 3. Bg2 Nd7 4. h3 Bh5 5. d4 e6 6. O-O Ngf6 7. b3 Bd6 8. c4
c6 9. Ba3 Bxa3 10. Nxa3 O-O 11. Nc2 Bg6 12. Nce1 Rc8 13. Rc1 Re8 14. Nd3 Bxd3
15. exd3 e5 16. dxe5 Nxe5 17. Nxe5 Rxe5 18. Re1 Qd6 19. Rxe5 Qxe5 20. Qd2 Re8
21. Qb4 dxc4 22. dxc4 Qe7 23. c5 g6 24. Bf3 h5 25. Kg2 Nd5 26. Qd4 Qe5 27. Rc4
Kg7 28. Bxd5 cxd5 29. Qxe5+ Rxe5 30. Ra4 a6 31. Rb4 Re7 32. Rb6 Rc7 33. b4 a5
34. a3 axb4 35. axb4 Rd7 36. Kf3 d4 37. Ke2 d3+ 38. Kd2 Kf8 39. Rf6 Ke7 40. Rf4
Rd5 41. Re4+ Kf6 42. Re1 h4 43. g4 Rd4 44. Kc3 Rf4 45. b5 Rxf2 46. Kxd3 Rb2 47.
Kc4 Rd2 48. g5+ Kxg5 49. Re7 f5 50. Rxb7 Kf4 51. c6 g5 52. Rd7 Rc2+ 53. Kb3 Rc1
54. c7 Ke5 55. b6 g4 56. b7 gxh3 57. b8=Q 1-0

[Event "Autumn Cup RR1"]
[Site "Wellington Chess Club"]
[Date "2023.05.18"]
[Round "1"]
[White "Ker, Anthony"]
[Black "van der Hoorn, Thomas"]
[Result "1/2-1/2"]
[WhiteElo "2407"]
[BlackElo "2095"]
[PlyCount "67"]
[SourceDate "2023.05.18"]

1. e4 e5 2. Nf3 Nc6 3. d4 exd4 4. Bc4 Nf6 5. e5 d5 6. Bb5 Ne4 7. Nxd4 Bc5 8.
Be3 O-O 9. Nxc6 bxc6 10. Bxc5 Nxc5 11. Bxc6 Rb8 12. Qxd5 Qe7 13. O-O Rxb2 14.
Qd4 Rxc2 15. Nc3 Ne6 16. Qd3 Rb2 17. Nd5 Qc5 18. Rac1 Qd4 19. Qa3 Qxe5 20. Ne7+
Kh8 21. Nxc8 Rxc8 22. Bd7 Rcb8 23. Bxe6 Qxe6 24. Qxa7 Qxa2 25. Qxc7 h6 26. Qd7
Rd2 27. Rc8+ Rxc8 28. Qxc8+ Kh7 29. Qf5+ g6 30. Qf6 Re2 31. h4 Qe6 32. Qc3 h5
33. Rd1 Qe5 34. Qxe5 1/2-1/2

[Event "Autumn Cup RR1"]
[Site "Wellington Chess Club"]
[Date "2023.05.18"]
[Round "1"]
[White "Cilia Vincenti, David"]
[Black "Archer, Ollie"]
[Result "0-1"]
[WhiteElo "2156"]
[BlackElo "2150"]
[PlyCount "48"]

1. c4 e6 2. Nc3 d5 3. d4 Nf6 4. Bg5 Nbd7 5. e3 c6 6. Nf3 Qa5 7. Nd2 dxc4 8.
Bxf6 Nxf6 9. Nxc4 Qc7 10. Be2 b5 11. Ne5 Bb7 12. Rc1 a6 13. O-O Bd6 14. f4 O-O
15. Qe1 Qb6 16. Qf2 c5 17. Rfd1 cxd4 18. exd4 Rad8 19. a3 Bb8 20. Bf1 Ba7 21.
Ne2 Ne4 22. Qe3 Nd6 23. g4 f6 24. Nd3 Nc4 0-1

[Event "Autumn Cup RR1"]
[Site "Wellington Chess Club"]
[Date "2023.05.25"]
[Round "2.1"]
[White "Archer, Ollie"]
[Black "Croad, Nicolas"]
[Result "1/2-1/2"]
[WhiteElo "2150"]
[BlackElo "2421"]
[WhiteFideId "4317262"]
[BlackFideId "4300793"]
[PlyCount "0"]
[EventDate "2023.05.17"]
[SourceDate ""]

1. d4 Nf6 2. c4 g6 3. Nc3 Bg7 4. e4 d6 5. h3 O-O 6. Be3 Na6 7. Nf3 c5 8. d5 e6
9. Be2 exd5 10. cxd5 Re8 11. Nd2 Nc7 12. a4 Bd7 13. O-O a6 14. a5 Nb5 15. Bf3
Nxc3 16. bxc3 Bc8 17. Bf4 Nd7 18. Ra3 Ne5 19. Bxe5 Bxe5 20. Bg4 Qh4 21. Bxc8
Raxc8 22. Qg4 Qxg4 23. hxg4 Bf4 24. Nf3 Rxe4 25. Rb1 Rc7 26. Rab3 Ra4 27. g3
Bh6 28. Rxb7 Rxb7 29. Rxb7 Rxa5 30. Rd7 Bf8 31. Ng5 c4 32. Ne4 Kg7 33. Nxd6
Bxd6 34. Rxd6 Ra3 35. Rc6 Rxc3 36. Rxa6 Rd3 37. Rc6 Rd4 38. f3 Kf8 39. Kf2 Ke7
40. Ke3 Rd3+ 41. Ke4 f5+ 42. gxf5 gxf5+ 43. Kxf5 Rxf3+ 44. Ke4 Rxg3 45. Rxc4
Rg4+ 46. Kd3 Rxc4 47. Kxc4 h5 48. Kd4 h4 49. Ke3 Kd6 50. Kf3 1/2-1/2

[Event "Autumn Cup RR1"]
[Site "Wellington Chess Club"]
[Date "2023.05.25"]
[Round "2.2"]
[White "Van der Hoorn, Thomas"]
[Black "Dive, Russell"]
[Result "1-0"]
[WhiteElo "2095"]
[BlackElo "2345"]
[WhiteFideId "4314565"]
[BlackFideId "4300106"]
[PlyCount "0"]
[EventDate "2023.05.17"]
[SourceDate ""]

1. d4 Nf6 2. c4 e6 3. Nf3 Bb4+ 4. Bd2 a5 5. a3 Be7 6. Nc3 d5 7. cxd5 exd5 8.
Bg5 c6 9. e3 Bf5 10. Bd3 Bxd3 11. Qxd3 Nbd7 12. O-O O-O 13. a4 h6 14. Bh4 Re8
15. Rac1 Qb8 16. Bg3 Bd6 17. Bxd6 Qxd6 18. Nd2 Re7 19. Ne2 Rae8 20. Ng3 g6 21.
Qc3 Qb4 22. Nb3 Qxa4 23. Ra1 Qb5 24. Rxa5 Qb6 25. Rfa1 h5 26. Nd2 h4 27. Ne2
Ng4 28. Nf1 Ndf6 29. Qa3 Ne4 30. Ra8 Kg7 31. Rxe8 Rxe8 32. f3 Nxe3 33. Nxe3 Nd2
34. Qc3 Nc4 35. Nxc4 dxc4 36. Re1 f6 37. Kf1 Qc7 38. g3 hxg3 39. Nxg3 Rxe1+ 40.
Qxe1 Kf7 41. Qc1 b5 42. Qh6 Qa5 43. Qh7+ Ke6 44. Qg8+ Ke7 45. Qxg6 Qa1+ 46. Kg2
Qxb2+ 47. Kh3 Kd7 48. Qf7+ Kc8 49. Qxf6 Kb7 50. Ne4 Kb6 51. Qd8+ 1-0

[Event "Autumn Cup RR1"]
[Site "Wellington Chess Club"]
[Date "2023.05.25"]
[Round "2.3"]
[White "Cilia Vincenti, David"]
[Black "Ker, Anthony"]
[Result "0-1"]
[WhiteElo "2156"]
[BlackElo "2407"]
[WhiteFideId "5600197"]
[BlackFideId "4300084"]
[PlyCount "0"]
[EventDate "2023.05.17"]
[SourceDate ""]

1. d4 Nf6 2. c4 e6 3. Nc3 Bb4 4. Qc2 Nc6 5. Nf3 d6 6. Bd2 Qe7 7. a3 Bxc3 8.
Bxc3 e5 9. d5 Nb8 10. e4 O-O 11. Be2 Nh5 12. g3 g6 13. Nh4 Ng7 14. O-O-O f5 15.
exf5 Nxf5 16. Nxf5 Bxf5 17. Bd3 Nd7 18. Bxf5 Rxf5 19. Rde1 Qf7 20. Re2 Rf8 21.
Rf1 Rf3 22. Bd2 Kg7 23. Be3 Qf5 24. Qxf5 R8xf5 25. g4 Rf8 26. g5 a5 27. b4 Nb6
28. Bxb6 cxb6 29. bxa5 Rxa3 30. Kb2 Rff3 31. axb6 Rfb3+ 32. Kc2 Rxb6 33. Re3
Ra2+ 34. Kc3 Rab2 35. c5 R6b3+ 36. Kc4 Rb4+ 37. Kc3 dxc5 38. Rxe5 b5 39. Kd3
R4b3+ 40. Ke4 Re2+ 41. Kf4 Rb4+ 0-1

[Event "Autumn Cup RR1"]
[Site "Wellington Chess Club"]
[Date "2023.06.01"]
[Round "3.1"]
[White "Ker, Anthony"]
[Black "Archer, Ollie"]
[Result "1-0"]
[WhiteElo "2407"]
[BlackElo "2150"]
[WhiteFideId "4300084"]
[BlackFideId "4317262"]
[PlyCount "0"]
[EventDate "2023.05.17"]
[SourceDate ""]

1. e4 e6 2. d4 d5 3. Nc3 Bb4 4. e5 c5 5. Bd2 Ne7 6. Nb5 Bxd2+ 7. Qxd2 O-O 8. f4
a6 9. Nd6 cxd4 10. Nf3 Nbc6 11. Bd3 f6 12. O-O fxe5 13. fxe5 Rxf3 14. Rxf3 Nxe5
15. Qf4 Nxf3+ 16. gxf3 Nf5 17. Bxf5 exf5 18. Qe5 Qf6 19. Qxf6 gxf6 20. Re1 Bd7
21. Re7 Bc6 22. Kf2 f4 23. Ke2 Rd8 24. Nf5 Re8 25. Kd3 Rxe7 26. Nxe7+ Kf7 27.
Nxc6 bxc6 28. Kxd4 Ke6 29. Kc5 Ke5 30. c3 a5 31. a4 f5 32. b3 1-0

[Event "Autumn Cup RR1"]
[Site "Wellington Chess Club"]
[Date "2023.06.01"]
[Round "3.2"]
[White "Dive, Russell"]
[Black "Cilia Vincenti, David"]
[Result "0-1"]
[WhiteElo "2345"]
[BlackElo "2156"]
[WhiteFideId "4300106"]
[BlackFideId "5600197"]
[PlyCount "0"]
[EventDate "2023.05.17"]
[SourceDate ""]

1. Nf3 c5 2. c4 Nc6 3. g3 e5 4. Nc3 g6 5. Bg2 Bg7 6. O-O Nge7 7. Ne1 d6 8. Nc2
O-O 9. a3 Be6 10. Ne3 a6 11. b4 b5 12. cxb5 axb5 13. bxc5 d5 14. Nxb5 d4 15.
Nc2 Bb3 16. Rb1 Ba4 17. Nd6 Rb8 18. Bb2 Qa5 19. Nc4 Qxc5 20. d3 Na5 21. Qd2
Nxc4 22. dxc4 Bh6 23. e3 Rfd8 24. Nb4 dxe3 25. Qc3 e2 26. Na6 exf1=Q+ 27. Rxf1
Qd4 28. Nxb8 Rxb8 29. Qxd4 exd4 30. Bxd4 Nf5 31. Be5 Rc8 32. g4 Ne7 33. Bd6 Nc6
34. Rb1 Bf8 35. Bxf8 Kxf8 36. Bd5 Rc7 37. f4 Ne7 38. Rb8+ Rc8 39. Rxc8+ Nxc8
40. Kf2 Nb6 41. Ke3 Nxd5+ 42. cxd5 Ke7 0-1

[Event "Autumn Cup RR1"]
[Site "Wellington Chess Club"]
[Date "2023.06.01"]
[Round "3.3"]
[White "Croad, Nicolas"]
[Black "Van der Hoorn, Thomas"]
[Result "1-0"]
[WhiteElo "2421"]
[BlackElo "2095"]
[WhiteFideId "4300793"]
[BlackFideId "4314565"]
[PlyCount "0"]
[EventDate "2023.05.17"]
[SourceDate ""]

1. d4 Nf6 2. c4 g6 3. Nc3 Bg7 4. e4 d6 5. Nf3 O-O 6. Be2 e5 7. O-O Nc6 8. d5
Ne7 9. b4 a5 10. Ba3 Nh5 11. g3 f5 12. c5 dxc5 13. bxc5 fxe4 14. Ng5 Nf6 15. d6
Nf5 16. Nb5 cxd6 17. cxd6 Nd4 18. Nxd4 exd4 19. Qxd4 Bf5 20. Rac1 Kh8 21. d7
Nxd7 22. Bxf8 Qxf8 23. Qd5 Nf6 24. Qxb7 Rb8 25. Qc7 Rc8 26. Qd6 h6 27. Rxc8
Qxc8 28. Qd8+ Qxd8 29. Nf7+ Kg8 30. Nxd8 Kf8 31. Bc4 Nd7 32. Nc6 a4 33. Rd1 a3
34. Kg2 h5 35. h3 Bf6 36. Nd4 Ne5 37. Nxf5 Nxc4 38. Nd6 Nb2 39. Re1 Nd3 40.
Rxe4 Nc1 41. Nc4 Nxa2 42. Nxa3 Nc3 43. Rc4 Nd5 44. Rc5 Ne7 45. Rc7 Kf7 46. Nc4
Ke6 47. Ne3 Kd6 48. Ra7 Nc6 49. Ra6 Be7 50. f4 Kd7 51. Nc4 1-0

[Event "Autumn Cup RR1"]
[Site "Wellington Chess Club"]
[Date "2023.06.08"]
[Round "4.1"]
[White "Archer, Ollie"]
[Black "Van der Hoorn, Thomas"]
[Result "1-0"]
[WhiteElo "2150"]
[BlackElo "2095"]
[WhiteFideId "4317262"]
[BlackFideId "4314565"]
[PlyCount "0"]
[EventDate "2023.05.17"]
[SourceDate ""]

1. d4 Nf6 2. c4 e6 3. Nf3 d5 4. g3 Be7 5. Bg2 O-O 6. O-O dxc4 7. Qc2 a6 8. a4
Bd7 9. Rd1 Bc6 10. Nc3 a5 11. e4 Na6 12. Ne5 Nb4 13. Qe2 Nd3 14. Nxd3 cxd3 15.
Qxd3 b6 16. d5 exd5 17. e5 Nd7 18. Qe2 Re8 19. Nxd5 Bd6 20. f4 Rb8 21. Qg4 Bc5+
22. Ne3 h5 23. Qxh5 Bxg2 24. Kxg2 f6 25. Qg4 Nxe5 26. fxe5 Qe7 27. Rd7 Qf8 28.
Nf5 Be7 29. Bh6 1-0

[Event "Autumn Cup RR1"]
[Site "Wellington Chess Club"]
[Date "2023.06.08"]
[Round "4.2"]
[White "Cilia Vincenti, David"]
[Black "Croad, Nicolas"]
[Result "0-1"]
[WhiteElo "2156"]
[BlackElo "2421"]
[WhiteFideId "5600197"]
[BlackFideId "4300793"]
[PlyCount "0"]
[EventDate "2023.05.17"]
[SourceDate ""]

1. c4 e6 2. Nc3 d5 3. d4 Nf6 4. cxd5 exd5 5. Bg5 c6 6. e3 Bd6 7. Bd3 h6 8. Bh4
O-O 9. Nf3 Bg4 10. Qc2 Nbd7 11. Bg3 Qe7 12. Bxd6 Qxd6 13. h3 Bxf3 14. gxf3 c5
15. dxc5 Nxc5 16. O-O-O Rac8 17. Kb1 a6 18. Bc4 Ne6 19. Bxd5 Nxd5 20. Rxd5 Qc6
21. Qf5 b5 22. Rhd1 b4 23. Ne2 g6 24. Qe4 Ng5 25. Nd4 Qa8 0-1

[Event "Autumn Cup RR1"]
[Site "Wellington Chess Club"]
[Date "2023.06.08"]
[Round "4.3"]
[White "Ker, Anthony"]
[Black "Dive, Russell"]
[Result "1/2-1/2"]
[WhiteElo "2407"]
[BlackElo "2345"]
[WhiteFideId "4300084"]
[BlackFideId "4300106"]
[PlyCount "0"]
[EventDate "2023.05.17"]
[SourceDate ""]

1. e4 e5 2. Nf3 Nf6 3. Nxe5 d6 4. Nf3 Nxe4 5. Nc3 Nxc3 6. dxc3 Be7 7. Be3 O-O
8. Qd2 Nd7 9. O-O-O c6 10. Kb1 a5 11. Bd3 Ne5 12. Nxe5 dxe5 13. Qe2 Qc7 14. Qh5
g6 15. Qh6 Re8 16. Bg5 a4 17. Bxe7 Qxe7 18. a3 Qf8 19. Qe3 e4 20. Be2 Ra5 21.
h4 h5 22. Rd4 Bf5 23. Rhd1 Qe7 24. g3 Kg7 25. Rd6 Be6 26. c4 Qf6 27. R6d4 Bf5
28. f4 exf3 29. Qxe8 Re5 30. Qd8 fxe2 31. Qxf6+ Kxf6 32. Re1 Bg4 33. Kc1 Re3
34. Rd3 Re4 35. b3 g5 36. hxg5+ Kxg5 37. Kd2 f5 38. Rd7 f4 39. gxf4+ Kxf4 40.
Rf7+ Kg3 41. Rg1+ Kh2 42. Re1 Kg2 43. bxa4 Bf3 44. Rxb7 Kf2 45. Rd7 Rxc4 46. a5
c5 47. a6 Ra4 48. a7 h4 49. Rd3 Rxa7 50. Rxf3+ Kxf3 51. Rxe2 Rxa3 52. Re5 c4
53. Rc5 Ra4 54. Kc3 h3 55. Rh5 Kg3 56. Rg5+ Kf4 57. Rh5 Kg4 58. Rh8 Ra5 59.
Kxc4 Rh5 60. Rg8+ Kf3 61. Rg1 h2 62. Rf1+ Kg2 63. Rd1 h1=Q 64. Rxh1 Kxh1 65.
Kd4 Kg2 66. c4 Kf3 67. c5 Kf4 68. c6 Rh1 69. Kd5 Rc1 70. Kd6 Kf5 71. c7 Kf6 72.
Kd7 Rd1+ 73. Ke8 Rc1 74. Kd7 Rxc7+ 75. Kxc7 1/2-1/2

[Event "Autumn Cup RR1"]
[Site "Wellington Chess Club"]
[Date "2023.06.15"]
[Round "5.1"]
[White "Dive, Russell"]
[Black "Archer, Ollie"]
[Result "1-0"]
[WhiteElo "2345"]
[BlackElo "2150"]
[WhiteFideId "4300106"]
[BlackFideId "4317262"]
[PlyCount "0"]
[EventDate "2023.05.17"]
[SourceDate ""]

1. Nf3 d5 2. c4 d4 3. e3 c5 4. b4 Nc6 5. b5 Nb8 6. exd4 cxd4 7. Bb2 Bg4 8. h3
Bxf3 9. Qxf3 e5 10. Qxb7 Nd7 11. Bd3 Ngf6 12. Bf5 Be7 13. Bxd7+ Nxd7 14. O-O
O-O 15. d3 Nc5 16. Qf3 f5 17. Nd2 Bg5 18. Rad1 e4 19. dxe4 fxe4 20. Qg4 Rf4 21.
Qg3 Qf6 22. Bxd4 Qxd4 23. Qxg5 Nd3 24. Qd5+ Qxd5 25. cxd5 Rd8 26. Nxe4 Rxe4 27.
Rxd3 Rb4 28. d6 Rxb5 29. Rc1 Rb6 30. d7 Kf7 31. Rc7 a6 32. a3 a5 33. Ra7 Rb5
34. a4 Re5 35. g3 Re7 36. Kg2 Ke6 37. f4 Rexd7 38. f5+ Ke7 39. Rdxd7+ Rxd7 40.
Rxd7+ Kxd7 41. Kf3 Kd6 42. Ke4 Kc5 43. g4 h6 44. h4 Kb4 45. g5 hxg5 46. hxg5
Kxa4 47. f6 gxf6 48. gxf6 Kb3 49. f7 a4 50. f8=Q a3 51. Kd3 a2 52. Qb8+ Ka3 53.
Kc2 1-0

[Event "Autumn Cup RR1"]
[Site "Wellington Chess Club"]
[Date "2023.06.15"]
[Round "5.2"]
[White "Croad, Nicolas"]
[Black "Ker, Anthony"]
[Result "1-0"]
[WhiteElo "2421"]
[BlackElo "2407"]
[WhiteFideId "4300793"]
[BlackFideId "4300084"]
[PlyCount "0"]
[EventDate "2023.05.17"]
[SourceDate ""]

1. e4 c5 2. Nf3 g6 3. d4 cxd4 4. Qxd4 Nf6 5. Nc3 Nc6 6. Qa4 d6 7. e5 Ng4 8.
exd6 Bg7 9. h3 Ne5 10. Nxe5 Bxe5 11. dxe7 Qxe7 12. Be3 Be6 13. Bc4 O-O 14. Bxe6
Qxe6 15. O-O Rfc8 16. Rad1 Bxc3 17. bxc3 Ne5 18. Rfe1 Qc4 19. Qb3 b5 20. Rd5 f6
21. Rxb5 Qxb3 22. cxb3 Rxc3 23. Bd4 Rc2 24. Bxe5 fxe5 25. a4 Rf8 26. f3 Rd8 27.
Rexe5 Rdd2 28. Rg5 Kg7 29. h4 Kf6 30. Ra5 Rb2 31. Rxa7 Rxb3 32. Rb5 Rxb5 33.
axb5 h5 34. Rc7 Rb2 35. Rc6+ Kf7 36. b6 Kg7 37. Kh2 Kf7 38. Kg3 Rb4 39. Rc7+
Kf6 40. b7 Kf5 41. Kf2 Kf4 42. Rc4+ 1-0

[Event "Autumn Cup RR1"]
[Site "Wellington Chess Club"]
[Date "2023.06.15"]
[Round "5.3"]
[White "Van der Hoorn, Thomas"]
[Black "Cilia Vincenti, David"]
[Result "0-1"]
[WhiteElo "2095"]
[BlackElo "2156"]
[WhiteFideId "4314565"]
[BlackFideId "5600197"]
[PlyCount "0"]
[EventDate "2023.05.17"]
[SourceDate ""]

1. d4 d5 2. c4 e6 3. Nc3 a6 4. cxd5 exd5 5. Nf3 c6 6. Bf4 Bd6 7. Bxd6 Qxd6 8.
e3 Ne7 9. Bd3 O-O 10. Qc2 g6 11. O-O Bg4 12. Ne5 Bf5 13. a3 Nd7 14. Nxd7 Qxd7
15. Na4 Qc7 16. Nc5 Bxd3 17. Qxd3 Nf5 18. Rac1 Nd6 19. b3 Qe7 20. Qc2 h5 21.
Rfe1 Rfe8 22. b4 h4 23. Qd1 Kg7 24. f3 h3 25. g3 a5 26. Ra1 axb4 27. axb4 Rxa1
28. Qxa1 Nc4 29. e4 Qf6 30. Qc3 b6 31. Nb3 Ra8 32. Ra1 Rxa1+ 33. Nxa1 b5 34.
exd5 cxd5 35. Nc2 Qa6 36. Qb3 Kf6 37. Kf2 Ke6 38. Ke2 Kd7 39. Kf2 Qa4 40. Qxa4
bxa4 41. Ke2 Kc6 42. Kd3 Kb5 43. Kc3 a3 44. g4 g5 45. Kd3 Ka4 46. Kc3 f6 47.
Na1 a2 48. b5 Kxb5 49. Kd3 Kb4 50. Kc2 Ka3 51. Kc3 Ne3 52. Nb3 Nf1 0-1

[Event "Autumn Cup RR2"]
[Site "Wellington Chess Club"]
[Date "2023.05.18"]
[Round "1"]
[White "Young, Cohen"]
[Black "Thirkell, Zachary"]
[Result "1-0"]
[WhiteElo "2088"]
[BlackElo "1865"]
[PlyCount "57"]
[SourceDate "2023.05.18"]

1. e4 c6 2. Nc3 d5 3. Nf3 dxe4 4. Nxe4 Bf5 5. Ng3 Bg6 6. h4 h6 7. Ne5 Bh7 8.
Qh5 g6 9. Bc4 e6 10. Qe2 Qe7 11. d4 Bg7 12. f4 Nf6 13. Bd2 Nbd7 14. O-O-O O-O-O
15. Ba5 Nb6 16. Bxb6 axb6 17. Nxf7 Rde8 18. Nxh8 Bxh8 19. Rhe1 Bg8 20. f5 Qc7
21. Qf3 gxf5 22. Nxf5 Bf7 23. Nxh6 Bg7 24. Nxf7 Qxf7 25. Rxe6 Rxe6 26. Qf5 Bh6+
27. Kb1 Kb8 28. Bxe6 Qh5 29. Qe5+ 1-0

[Event "Autumn Cup RR2"]
[Site "Wellington Chess Club"]
[Date "2023.05.18"]
[Round "1"]
[White "Sellen, Ian"]
[Black "Benitez, Edgar"]
[Result "1-0"]
[WhiteElo "2062"]
[BlackElo "1945"]
[Annotator ",Microsoft"]
[PlyCount "91"]
[SourceDate "2023.05.18"]

1. c4 e5 2. Nc3 g6 3. Nf3 Bg7 4. g3 Nc6 5. Bg2 Nge7 6. O-O d6 7. d3 O-O 8. e3
Bg4 9. h3 Bd7 10. Rb1 Qc8 11. Kh2 Bf5 12. e4 Bd7 13. b4 f5 14. b5 Nd8 15. Bg5
Re8 16. Qd2 Nf7 17. Bxe7 Rxe7 18. Nd5 Re8 19. Ng5 c6 20. bxc6 bxc6 21. Nxf7
Kxf7 22. Nc3 Kg8 23. Qb2 f4 24. Qb7 Qd8 25. Ne2 Qe7 26. Kg1 Bh6 27. g4 Bg7 28.
Bf3 Reb8 29. Qxb8+ Rxb8 30. Rxb8+ Kf7 31. Rb7 Qd8 32. Rfb1 Kf6 33. Rxa7 h5 34.
Rbb7 Be6 35. Rxg7 hxg4 36. Bxg4 Bxg4 37. hxg4 Kg5 38. Kg2 Qf6 39. Ng1 f3+ 40.
Nxf3+ Kxg4 41. Nh2+ Kh5 42. Rh7+ Kg5 43. Raf7 Qd8 44. Nf3+ Kg4 45. Rh4+ Qxh4
46. Nxh4 1-0

[Event "Autumn Cup RR2"]
[Site "Wellington Chess Club"]
[Date "2023.05.18"]
[Round "1"]
[White "Forster, Bill"]
[Black "Jackson, Ross"]
[Result "1/2-1/2"]
[WhiteElo "2008"]
[BlackElo "1949"]
[Annotator ",Microsoft"]
[PlyCount "69"]
[SourceDate "2023.05.18"]

1. e4 c5 2. Be2 Nc6 3. d3 Nf6 4. f4 d6 5. Nf3 e6 6. O-O e5 7. f5 d5 8. Qe1 dxe4
9. dxe4 Nd4 10. Bd1 Nxf3+ 11. Bxf3 Qd4+ 12. Kh1 Bd7 13. Nc3 O-O-O 14. Be3 Qd6
15. Rd1 Qc7 16. Qf2 b6 17. a4 Be7 18. a5 Bc6 19. axb6 axb6 20. Ra1 Qb7 21. b4
Nxe4 22. Bxe4 Bxe4 23. Nxe4 Qxe4 24. bxc5 bxc5 25. Bxc5 Rhe8 26. Ra7 Rd7 27.
Rxd7 Kxd7 28. Bxe7 Kxe7 29. Qc5+ $2 (29. f6+ gxf6 30. Qxf6+ Kd7 31. Qxf7+ Re7
32. Rd1+) 29... Kf6 30. Qd6+ Kg5 31. Qd2+ Kf6 32. Rf3 Qd4 33. Qc1 Rd8 34. Rd3
Qb6 35. Rxd8 1/2-1/2

[Event "Autumn Cup RR2"]
[Site "Wellington Chess Club"]
[Date "2023.05.25"]
[Round "2.2"]
[White "Benitez, Edgar"]
[Black "Forster, Bill"]
[Result "0-1"]
[WhiteElo "1945"]
[BlackElo "2008"]
[WhiteFideId "4301315"]
[BlackFideId "4301358"]
[PlyCount "0"]
[EventDate "2023.05.18"]
[SourceDate ""]

1. b3 Nf6 2. Bb2 g6 3. e3 Bg7 4. Nf3 O-O 5. c4 d6 6. g3 Nc6 7. Bg2 Bf5 8. d3
Qd7 9. O-O e5 10. e4 Bg4 11. Qd2 Ne7 12. Nc3 c6 13. Rfe1 Ne8 14. Nd1 Nc7 15.
Ne3 Bxf3 16. Bxf3 Ne6 17. Bg4 f5 18. exf5 gxf5 19. Bh3 Ng5 20. Bg2 f4 21. Nd1
Ng6 22. Kh1 Qg4 23. Qc3 Rf6 24. Rc1 Raf8 25. Rc2 Qh5 26. Qa5 f3 27. Bf1 Nf4 28.
Bc1 Rh6 29. h4 Qg4 30. Ne3 Rxh4+ 31. gxh4 Qxh4+ 32. Kg1 Ngh3+ 33. Bxh3 Nxh3+
34. Kf1 Nxf2 35. Qd2 Nh1 36. Qh2 Ng3+ 37. Kg1 Qg5 38. Nf1 Ne2+ 39. Kf2 Qg6 40.
Rd1 e4 41. dxe4 Be5 42. Qh1 Qxe4 43. Rcd2 Nxc1 44. Rxc1 Bd4+ 45. Kg3 Qf4+ 46.
Kh3 Rf6 47. Rg2+ Kh8 0-1

[Event "Autumn Cup RR2"]
[Site "Wellington Chess Club"]
[Date "2023.05.25"]
[Round "2.3"]
[White "Young, Cohen"]
[Black "Sellen, Ian"]
[Result "1-0"]
[WhiteElo "2088"]
[BlackElo "2062"]
[WhiteFideId "4317440"]
[BlackFideId "4300610"]
[PlyCount "0"]
[EventDate "2023.05.18"]
[SourceDate ""]

1. e4 c5 2. Nf3 e6 3. d4 cxd4 4. Nxd4 d6 5. c4 Nc6 6. Nc3 Nf6 7. Be2 Be7 8. O-O
O-O 9. Be3 a6 10. Rc1 Qc7 11. b3 Nd7 12. Nd5 exd5 13. cxd5 Nc5 14. dxc6 Nxe4
15. Bf4 Bg5 16. Bxg5 Nxg5 17. h4 Ne4 18. Bf3 d5 19. Re1 Re8 20. Qd3 Qf4 21. g3
Qh6 22. Rc2 bxc6 23. Bxe4 dxe4 24. Rxe4 Bb7 25. Rce2 Red8 26. Re7 Rab8 27. Nf5
Qc1+ 28. Kh2 Qc5 29. Rxb7 1-0

[Event "Autumn Cup RR2"]
[Site "Wellington Chess Club"]
[Date "2023.06.01"]
[Round "3.1"]
[White "Sellen, Ian"]
[Black "Thirkell, Zachary"]
[Result "1-0"]
[WhiteElo "2062"]
[BlackElo "1865"]
[WhiteFideId "4300610"]
[BlackFideId "0"]
[PlyCount "0"]
[EventDate "2023.05.18"]
[SourceDate ""]

1. c4 e5 2. Nc3 Nf6 3. g3 Nc6 4. Bg2 Bb4 5. Nf3 O-O 6. O-O d6 7. Qc2 Bd7 8. a3
Bxc3 9. Qxc3 Qc8 10. Re1 Ne4 11. Qc2 f5 12. d3 Nc5 13. b4 Ne6 14. e3 Ne7 15. d4
e4 16. Nd2 c5 17. bxc5 dxc5 18. d5 Nd8 19. Bb2 Nf7 20. Qc3 Ne5 21. Qxe5 1-0

[Event "Autumn Cup RR2"]
[Site "Wellington Chess Club"]
[Date "2023.06.01"]
[Round "3.2"]
[White "Forster, Bill"]
[Black "Young, Cohen"]
[Result "0-1"]
[WhiteElo "2008"]
[BlackElo "2088"]
[WhiteFideId "4301358"]
[BlackFideId "4317440"]
[PlyCount "0"]
[EventDate "2023.05.18"]
[SourceDate ""]

1. d4 Nf6 2. c4 e6 3. Nf3 d5 4. Nc3 c5 5. e3 dxc4 6. Bxc4 a6 7. O-O b5 8. Bd3
Bb7 9. Qe2 Nbd7 10. Rd1 Rc8 11. h3 Qb6 12. a4 c4 13. Bb1 b4 14. Na2 a5 15. e4
Ba6 16. Be3 Qb7 17. d5 e5 18. Qd2 Qb8 19. Nc1 Nc5 20. d6 Ncd7 21. Nxe5 Nxe5 22.
f4 c3 23. bxc3 bxc3 24. Qd4 Ned7 25. Bc2 Rc4 26. Rb1 Qa8 27. e5 Rxd4 28. Bxd4
Bxd6 29. exd6 O-O 30. Bxc3 Rc8 31. Bxf6 Nxf6 32. d7 Nxd7 33. Bf5 Rd8 34. Bxd7
Qa7+ 35. Kh1 Rxd7 36. Rxd7 Qxd7 37. Rb8+ Bc8 0-1

[Event "Autumn Cup RR2"]
[Site "Wellington Chess Club"]
[Date "2023.06.01"]
[Round "3.3"]
[White "Jackson, Ross"]
[Black "Benitez, Edgar"]
[Result "0-1"]
[WhiteElo "1949"]
[BlackElo "1945"]
[WhiteFideId "4301501"]
[BlackFideId "4301315"]
[PlyCount "0"]
[EventDate "2023.05.18"]
[SourceDate ""]

1. d4 d6 2. Nf3 g6 3. c4 Bg7 4. Nc3 e5 5. d5 Ne7 6. e4 O-O 7. h4 Bg4 8. Qb3 Nd7
9. Nh2 Nc5 10. Qc2 Bc8 11. b4 Na6 12. Rb1 f5 13. Nf3 fxe4 14. Nxe4 Nf5 15. h5
Nd4 16. Nxd4 exd4 17. Bd3 Bf5 18. f3 Qe7 19. Kd1 c5 20. a3 cxb4 21. axb4 Rac8
22. hxg6 Bxg6 23. b5 Nc7 24. Bg5 Qd7 25. Qd2 Be5 26. Bh6 Rf7 27. Ra1 a6 28. b6
Ne8 29. Rh3 Ng7 30. Bxg7 Bf4 31. Qe1 Kxg7 32. Rh1 Qe7 33. Ra2 Re8 34. Qg1 Qe5
35. Re2 Be3 36. Qe1 Rf4 37. Rh4 Ref8 38. Qh1 Qe8 39. Nxd6 Qa4+ 0-1